1160 1238 1003 1121 1968 1467 1942 1928 1391 1124 1000 1192 1209 1246 1150 1695 1994 1493 1155 1319 1519 1025 1230 1169 1294 1748 1078 1402 1799 1646 1254 1259 1273 1244 1366 1552 1350 1346 1530 1201 1810 1119 1891 1175 1170 1639 1162 1672 1651 1865 1480 1904 1994 1410 1766 1347 1562 1462 1989 1142 1459 1583 1681 1057 1171 1349 1339 1482 1502 1856 1505 1842 1669 1520 1942 1816 1445 1022 1655 1456 1001 1478 1057 1674 1853 1827 1732 1425 1973 1058 1608 1315 1274 1178 1416 1755 1440 1760 1192 BCNSPRNW ULIB Ver.6.0+V

เปลี่ยนเป็นภาษาไทย

Change to English
 แสดงรายละเอียดบรรณานุกรม
  กลับหน้าหลัก

Brief Record : Get Marc (ISO 2709) : E-mail record : QR code < ปิดหน้าต่าง
LEADER : 00000nas 2200000uu 4500
001    13399122789
003     ULIB
008    020711s|||| th a 000 0 tha d
022    19068670
110    สมาคมนักประชากรไทย
245    วารสารประชากร(วิทยาเขตนครสวรรค์) /^cสมาคมนักประชากรไทย
260    นครประฐม :^bมหาวิทยาลัยมหิดล,^cม.ป.ป.
310    ^aราย 6 เดือน
850    ^aปีที่ 4 ฉบับที่ 1
945    ^p0^l0^i800650
รายการนี้ยังไม่มีแท็ก
คุณยังไม่ได้ล็อกอิน คุณสามารถมีกิจกรรมร่วมกับเว็บไซต์ได้ แต่ต้องล็อกอินก่อน ::
  ล็อกอิน

รายการสื่อสารสนเทศ (วารสาร)

ดูแบบ: กล่อง รายการ
ARRIVED
ปีที่ 4 ฉบับที่ 1
สถานที่: ห้องสมุดวิทยาเขตนครสวรรค์ >วารสาร

BibComment


ยังไม่เคยถูกคอมเมนท์

คอมเมนท์ทรัพยากรรายการนี้
  คอมเมนท์: วารสารประชากรวิทย..


 Copyright 2026. Bcnsprnw @Library